[Event "Let's Play Chess!"]
[Site "http://www.queenalice.com/game.php?id=1518973"]
[Date "2018.3.8"]
[Round "-"]
[White "schalturtjik"]
[Black "erminius"]
[Result "0-1"]
[WhiteElo "2128"]
[BlackElo "1767"]

1. c4 e6 2. Nc3 Bb4 3. Qb3 Ba5 4. d4 Nf6 5. Bd2 O-O 6. e3 c5 7. Nf3 cxd4 8. Nxd4
Nc6 9. Bd3 Nxd4 10. exd4 d5 11. c5 e5 12. dxe5 d4 13. Nb1 Nd7 14. e6 Nxc5 15.
exf7+ Kh8 16. Qc4 Qe7+ 17. Kd1 Nxd3 18. Qxd3 Bb6 19. Re1 Qxf7 20. f3 Bf5 21. Qb5
Qg6 0-1

[Event "Let's Play Chess!"]
[Site "http://www.queenalice.com/game.php?id=1518974"]
[Date "2018.3.9"]
[Round "-"]
[White "igorjava"]
[Black "schalturtjik"]
[Result "0-1"]
[WhiteElo "2011"]
[BlackElo "2120"]

1. e4 e5 2. f4 exf4 3. Nf3 d6 4. Bc4 h6 5. d3 g5 6. h3 Bg7 7. Nc3 Be6 8. Bb3 Ne7
9. d4 Bxb3 10. axb3 Nbc6 11. O-O O-O 12. Ne2 a6 13. c3 Qd7 14. b4 Rae8 15. Qc2
Kh8 16. b3 f5 17. exf5 Nxf5 18. Kf2 Ne3 19. Bxe3 fxe3+ 20. Kg1 Qf5 21. Qd1 Qf7
22. Nxg5 Qxf1+ 23. Qxf1 Rxf1+ 24. Kxf1 hxg5 25. Ng3 Rf8+ 26. Kg1 Ne7 27. Ne4 Bh6
28. Rf1 Rxf1+ 29. Kxf1 Kg7 30. g4 Nd5 31. c4 Nxb4 32. Ke2 Nc2 33. Kd3 Nxd4 34.
b4 e2 35. Kd2 Nc2 36. c5 e1=Q+ 0-1

[Event "Let's Play Chess!"]
[Site "http://www.queenalice.com/game.php?id=1519010"]
[Date "2018.3.9"]
[Round "-"]
[White "schalturtjik"]
[Black "leoreis"]
[Result "1-0"]
[WhiteElo "2105"]
[BlackElo "1906"]

1. e4 e5 2. Nc3 Nf6 3. Nf3 Nc6 4. Bc4 h6 5. a3 d6 6. h3 a6 7. d3 b5 8. Ba2 Be7
9. O-O O-O 10. Be3 Bb7 11. Nd5 Nxd5 12. Bxd5 Na5 13. Bxb7 Nxb7 14. d4 exd4 15.
Nxd4 Qd7 16. b4 Bf6 17. Rc1 Rfe8 18. f3 Rad8 19. Bf2 d5 20. exd5 Bxd4 21. Bxd4
Qxd5 22. c3 Qf5 23. Qc2 Qxc2 24. Rxc2 Nd6 25. Ra1 Nc4 26. Kf2 f6 27. a4 Ra8 28.
Re2 Rxe2+ 29. Kxe2 c6 30. Kd3 Nd6 31. Bc5 Nb7 32. axb5 Nxc5+ 33. bxc5 cxb5 34.
c6 Kf8 35. Kd4 a5 36. Kc5 Ke7 37. Kxb5 Kd6 38. Rd1+ Kc7 39. Rd7+ Kc8 40. Ka4 Ra6
41. Kb5 Ra8 42. Rxg7 Rb8+ 43. Kxa5 1-0

[Event "Challenge"]
[Site "http://www.queenalice.com/game.php?id=1520736"]
[Date "2018.3.22"]
[Round "-"]
[White "LYUSS"]
[Black "schalturtjik"]
[Result "0-1"]
[WhiteElo "1760"]
[BlackElo "2129"]

1. e4 e5 2. Nf3 Nf6 3. Nc3 Nc6 4. Bc4 Bc5 5. d3 O-O 6. Bg5 h6 7. Be3 Bxe3 8.
fxe3 d6 9. h3 Na5 10. b4 Nxc4 11. dxc4 Be6 12. c5 Bc4 13. Nd2 Be6 14. O-O dxc5
15. bxc5 Qe7 16. Qf3 Qxc5 17. Nd5 Nxd5 18. exd5 Qxd5 19. Ne4 f5 20. Ng3 e4 21.
Qf4 Qc5 22. Rfc1 Rad8 23. Nh5 Rd2 24. Qg3 g5 25. Qe1 Rxc2 26. Rxc2 Qxc2 27. Rc1
Qxa2 28. Qc3 Rf7 29. Nf6+ Kf8 30. Rd1 Qc4 31. Nh7+ Ke7 32. Qh8 Bd7 33. Qg8 Qe6
34. h4 g4 35. Rc1 Qb6 36. Qh8 Qxe3+ 37. Kh2 g3+ 0-1

[Event "Let's Play Chess!"]
[Site "http://www.queenalice.com/game.php?id=1522533"]
[Date "2018.4.7"]
[Round "-"]
[White "schalturtjik"]
[Black "igorjava"]
[Result "1-0"]
[WhiteElo "2114"]
[BlackElo "2049"]

1. e4 c5 2. Nf3 e6 3. d4 cxd4 4. Nxd4 Nc6 5. Nc3 a6 6. Be3 Nf6 7. Be2 Bb4 8. f3
O-O 9. O-O Bxc3 10. bxc3 Qa5 11. Qd2 b5 12. Nb3 Qc7 13. Bc5 Rd8 14. Qe3 Rb8 15.
a4 Ne5 16. axb5 d6 17. b6 Qe7 18. Bb4 Ra8 19. Nd4 Qb7 20. Ba5 Rd7 21. c4 Nc6 22.
Nb3 h6 23. c5 Nxa5 24. Nxa5 Qb8 25. c6 Re7 26. c7 Rxc7 27. bxc7 Qxc7 28. c4 Nd7
29. Rfd1 Ne5 30. Qd4 Kf8 31. Qxd6+ Qxd6 32. Rxd6 Ke7 33. Rad1 f6 34. c5 Ra7 35.
Nc6+ Nxc6 36. Rxc6 1-0

[Event "Let's Play Chess!"]
[Site "http://www.queenalice.com/game.php?id=1524839"]
[Date "2018.4.25"]
[Round "-"]
[White "schalturtjik"]
[Black "igorjava"]
[Result "1-0"]
[WhiteElo "2133"]
[BlackElo "1972"]

1. c4 e5 2. Nc3 Nf6 3. Nf3 e4 4. Ng5 e3 5. dxe3 h6 6. Nge4 Bb4 7. Bd2 Nxe4 8.
Nxe4 Bxd2+ 9. Qxd2 d6 10. g3 Bf5 11. Bg2 Nc6 12. a3 Rb8 13. O-O O-O 14. Rad1 b6
15. Nxd6 cxd6 16. Bxc6 Be6 17. b3 Qc7 18. Qxd6 Qxd6 19. Rxd6 Rfd8 20. Rfd1 Rxd6
21. Rxd6 Kf8 22. e4 Ke7 23. Rd2 Rc8 24. Bd5 g6 25. f4 f5 26. e5 Bf7 27. Kf2 Be6
28. Kf3 g5 29. Bxe6 Kxe6 30. Rd6+ Kf7 31. Rxh6 g4+ 32. Ke3 Ke7 33. Rh7+ Ke6 34.
Rxa7 Rc6 35. Kd4 Rc8 36. e4 Rd8+ 37. Ke3 fxe4 38. Kxe4 Rd2 39. f5# 1-0

[Event "Let's Play Chess!"]
[Site "http://www.queenalice.com/game.php?id=1524844"]
[Date "2018.4.25"]
[Round "-"]
[White "igorjava"]
[Black "schalturtjik"]
[Result "1-0"]
[WhiteElo "2013"]
[BlackElo "2130"]

1. e4 e5 2. f4 exf4 3. Nf3 g5 4. h3 Bg7 5. e5 h6 6. Bc4 Nc6 7. d4 d5 8. Bb3 Nge7
9. Nc3 Be6 10. a4 Qd7 11. a5 Nb4 12. Ba4 c6 13. Bd2 Nf5 14. Ne2 Qe7 15. Bc3 Ne3
16. Qd2 Nxg2+ 17. Kf2 1-0

[Event "Let's Play Chess!"]
[Site "http://www.queenalice.com/game.php?id=1525190"]
[Date "2018.4.27"]
[Round "-"]
[White "igorjava"]
[Black "schalturtjik"]
[Result "0-1"]
[WhiteElo "2033"]
[BlackElo "2124"]

1. e4 e5 2. f4 exf4 3. Nf3 g5 4. h3 Bg7 5. d4 d6 6. Bc4 h6 7. Nc3 Nc6 8. a3 Nge7
9. b4 a6 10. O-O g4 11. hxg4 Bxg4 12. Ne2 d5 13. exd5 Nxd5 14. Nxf4 Bxd4+ 15.
Kh1 Bxa1 16. Nxd5 O-O 17. Bxh6 Bg7 18. Qd2 Bxf3 19. Rxf3 Qd6 20. Bxg7 Kxg7 21.
Rg3+ Qxg3 22. Qe3 Rh8+ 23. Kg1 Qxe3+ 24. Nxe3 Rae8 25. Nd5 Re1+ 26. Kf2 Ra1 27.
Nxc7 Rxa3 28. Bb3 Nxb4 29. Nd5 Nxd5 30. Bxd5 b6 31. c4 Rd8 32. Bf3 Rxf3+ 0-1

[Event "Let's Play Chess!"]
[Site "http://www.queenalice.com/game.php?id=1527549"]
[Date "2018.5.19"]
[Round "-"]
[White "schalturtjik"]
[Black "igorjava"]
[Result "0-1"]
[WhiteElo "2141"]
[BlackElo "1982"]

1. c4 e5 2. Nc3 Nf6 3. Nf3 Nc6 4. g3 h6 5. d3 Bc5 6. Bg2 d6 7. O-O Rb8 8. a3 a6
9. e3 O-O 10. Qc2 Bf5 11. b3 Qd7 12. Re1 Ne7 13. Bb2 b5 14. cxb5 axb5 15. b4 Bb6
16. Qd2 c6 17. Rad1 Bh3 18. Bh1 Bg4 19. Rc1 Nfd5 20. Ne4 f5 21. Nxd6 Bxf3 22.
Bxe5 Bxh1 23. Nxb5 cxb5 24. Bxb8 Rxb8 25. Kxh1 Nf6 26. Qa2+ Kf8 27. Qe2 Ng4 28.
h3 Ne5 29. Red1 Qb7+ 0-1

[Event "Let's Play Chess!"]
[Site "http://www.queenalice.com/game.php?id=1527718"]
[Date "2018.5.19"]
[Round "-"]
[White "igorjava"]
[Black "schalturtjik"]
[Result "1/2-1/2"]
[WhiteElo "2004"]
[BlackElo "2124"]

1. e4 e5 2. f4 exf4 3. Nf3 g5 4. h3 Bg7 5. d4 d6 6. Bc4 h6 7. O-O Nc6 8. e5 Nge7
9. exd6 Qxd6 10. c3 g4 11. hxg4 Bxg4 12. Qd3 Qg6 13. Bxf4 Qxd3 14. Bxd3 O-O-O
15. Nbd2 f5 16. Nc4 Nd5 17. Bd2 h5 18. Nce5 Nxe5 19. Nxe5 Bxe5 20. dxe5 Ne3 21.
Bxe3 Rxd3 22. Bd4 Re8 23. b4 b6 24. Rae1 Rd2 25. Rf2 Rxf2 26. Kxf2 Kd7 27. Kg3
Kc6 28. a4 Kd5 1/2-1/2

[Event "Challenge"]
[Site "http://www.queenalice.com/game.php?id=1528263"]
[Date "2018.5.23"]
[Round "-"]
[White "LYUSS"]
[Black "schalturtjik"]
[Result "0-1"]
[WhiteElo "1758"]
[BlackElo "2140"]

1. e4 e5 2. Nc3 Nf6 3. d4 exd4 4. Qxd4 Nc6 5. Qa4 Bc5 6. Be2 O-O 7. Bf4 d6 8.
O-O-O Bxf2 9. e5 Nd7 10. exd6 Nc5 11. Qb5 a6 12. Qc4 b5 13. Qd5 Bb7 14. Nh3 Nd4
15. Qg5 Nxe2+ 16. Nxe2 Qxg5 17. Nxg5 cxd6 18. Rxd6 Bxg2 19. Rhd1 h6 20. Nxf7
Rxf7 21. Rg6 Be4 22. Rgd6 Bf3 23. R1d2 Bxe2 24. Rxe2 Rxf4 25. Re5 Ne4 26. Rd3
Raf8 27. b3 Nc3 28. Rxc3 Bd4 0-1

[Event "Let's Play Chess!"]
[Site "http://www.queenalice.com/game.php?id=1856334"]
[Date "2025.4.30"]
[Round "-"]
[White "igor12345"]
[Black "schalturtjik"]
[Result "0-1"]
[WhiteElo "1984"]
[BlackElo "2129"]

1. e4 d6 2. d4 Nf6 3. Nc3 g6 4. Bc4 Bg7 5. Nge2 O-O 6. O-O c6 7. a4 d5 8. Bd3 e5
9. dxe5 Ng4 10. f4 Qb6+ 11. Kh1 Nf2+ 12. Rxf2 Qxf2 13. exd5 cxd5 14. Nxd5 Nc6
15. Be3 Qh4 16. Rb1 Bg4 17. Qf1 Rfd8 18. Bf2 Qh6 19. Nc7 Rac8 20. Nb5 Bxe2 21.
Qxe2 Qxf4 22. Bg3 Qb4 23. Nd6 Rc7 24. b3 Kf8 25. Rf1 Nxe5 26. Bxe5 Bxe5 27. Nxf7
Rxf7 28. Rxf7+ Kxf7 29. Qxe5 Qd4 30. Bc4+ Kf8 31. Qxd4 Rxd4 32. Bd3 Ke7 33. Kg1
Rf4 34. g3 Rf6 35. Kg2 Kd6 36. h4 Kc5 37. c3 a5 38. g4 b6 39. Kg3 Kd5 40. h5 Rc6
41. Bc4+ Ke4 42. hxg6 hxg6 43. Kh4 Kf4 44. g5 Rc8 45. Bf7 Rh8# 0-1

[Event "Let's Play Chess!"]
[Site "http://www.queenalice.com/game.php?id=1856525"]
[Date "2025.4.30"]
[Round "-"]
[White "schalturtjik"]
[Black "igor12345"]
[Result "1-0"]
[WhiteElo "2121"]
[BlackElo "1991"]

1. c4 e5 2. Nc3 Nf6 3. Nf3 Nc6 4. g3 h6 5. Bg2 a6 6. d4 exd4 7. Nxd4 Bc5 8. e3
Nxd4 9. exd4 Be7 10. O-O O-O 11. Be3 d6 12. h3 c6 13. Qd2 Be6 14. b3 d5 15. c5
b6 16. Na4 bxc5 17. dxc5 Nd7 18. Rac1 a5 19. Nb6 Ra7 20. Rfe1 Qb8 21. Nxd7 Bxd7
22. Bxh6 gxh6 23. Rxe7 Kh7 24. Rce1 Be6 25. R1xe6 Rxe7 26. Rxh6+ 1-0

[Event "Let's Play Chess!"]
[Site "http://www.queenalice.com/game.php?id=1857271"]
[Date "2025.5.13"]
[Round "-"]
[White "schalturtjik"]
[Black "josebaron"]
[Result "0-1"]
[WhiteElo "2137"]
[BlackElo "2163"]

1. c4 e5 2. Nc3 Nf6 3. Nf3 Nc6 4. g3 Be7 5. Bg2 O-O 6. O-O d6 7. d3 h6 8. a3 a5
9. e3 Bg4 10. Qc2 Re8 11. Bd2 Bxf3 12. Bxf3 Nh7 13. Nd5 Nf6 14. Rac1 a4 15. Nc3
Qd7 16. Nxa4 Nd8 17. Nc3 c6 18. Rfd1 Ne6 19. Ne4 Nxe4 20. Bxe4 Ng5 21. Bg2 Qf5
22. Bc3 Nf3+ 23. Bxf3 Qxf3 24. Rd2 Qf5 25. Qb3 Qd7 26. c5 dxc5 27. Bxe5 Qd5 28.
Qxd5 cxd5 29. Bc3 h5 30. Kg2 Ra6 31. Re2 f5 32. e4 d4 33. Bd2 Re6 34. e5 Kf7 35.
f4 Ra8 36. Kf3 Rb6 37. Be1 Rb3 38. Rd2 g5 39. Bf2 Ke6 40. Rg1 Ra6 41. Rc1 Rab6
42. Rcc2 Kd5 43. Ke2 Bd8 44. Be1 gxf4 45. gxf4 Rg6 46. Kf2 b5 47. Rd1 Bh4+ 48.
Kf1 Bxe1 49. Rxe1 Rxd3 50. Rce2 Rf3+ 51. Rf2 Rxf2+ 52. Kxf2 h4 53. Kf3 c4 54.
Rd1 h3 55. Rd2 Rg1 56. Re2 d3 0-1

[Event "Let's Play Chess!"]
[Site "http://www.queenalice.com/game.php?id=1857787"]
[Date "2025.5.24"]
[Round "-"]
[White "igor12345"]
[Black "schalturtjik"]
[Result "0-1"]
[WhiteElo "1982"]
[BlackElo "2126"]

1. e4 e5 2. f4 exf4 3. Nf3 d6 4. Bc4 h6 5. d4 g5 6. h3 Bg7 7. Nc3 Nc6 8. a3 Bd7
9. b4 Qf6 10. Ne2 g4 11. hxg4 Bxg4 12. c3 Nge7 13. Nxf4 O-O-O 14. Qe2 Rhe8 15.
Nh5 Bxh5 16. Rxh5 d5 17. e5 Qg6 18. Rh3 dxc4 19. Nh4 Qe6 20. Re3 Bf8 21. Rf3 f5
22. Be3 Kb8 23. Kd2 Nxe5 24. Rf2 Nd3 25. Rff1 f4 26. Bxf4 Qxe2+ 27. Kxe2 Nxf4+
0-1

[Event "Let's Play Chess!"]
[Site "http://www.queenalice.com/game.php?id=1858091"]
[Date "2025.5.31"]
[Round "-"]
[White "schalturtjik"]
[Black "igor12345"]
[Result "1-0"]
[WhiteElo "2140"]
[BlackElo "1962"]

1. c4 e5 2. Nc3 Nf6 3. Nf3 d6 4. d4 Bg4 5. dxe5 dxe5 6. Qxd8+ Kxd8 7. Nxe5 Be6
8. Bg5 Be7 9. O-O-O+ Kc8 10. e4 Rd8 11. Be2 h6 12. Be3 Nbd7 13. Nxd7 Rxd7 14. h3
c6 15. e5 Ne8 16. f4 Kc7 17. g4 Rad8 18. f5 Rxd1+ 19. Rxd1 Bc8 20. Bf4 Rxd1+ 21.
Kxd1 Kd8 22. Kd2 Bg5 23. Bxg5+ hxg5 24. Ne4 f6 25. e6 Kc7 26. c5 b6 27. b4 b5
28. Kd3 a6 29. a3 Bb7 30. Nd2 Kd8 31. Nb3 Nc7 32. Na5 Ba8 33. Bf3 Nd5 34. Bxd5
cxd5 35. Kd4 Kc7 36. e7 Kd7 37. c6+ Kxe7 38. Kxd5 1-0

[Event "Let's Play Chess!"]
[Site "http://www.queenalice.com/game.php?id=1858127"]
[Date "2025.6.2"]
[Round "-"]
[White "schalturtjik"]
[Black "igor12345"]
[Result "1-0"]
[WhiteElo "2147"]
[BlackElo "1953"]

1. e4 c5 2. Nf3 d6 3. d4 cxd4 4. Nxd4 Nf6 5. Nc3 a6 6. Be2 Nc6 7. Be3 Rb8 8. O-O
Bd7 9. h3 b5 10. f3 e5 11. Nb3 Na5 12. Nxa5 Qxa5 13. f4 Bc6 14. Bf3 Qc7 15. Qd2
Be7 16. Rad1 Qb7 17. Nd5 Bxd5 18. exd5 e4 19. Be2 O-O 20. g4 h6 21. Qd4 Rfc8 22.
c3 Rc5 23. c4 bxc4 24. Bxc4 a5 25. g5 hxg5 26. fxg5 Nh7 27. h4 Qc7 28. b3 a4 29.
Qxe4 Ra5 30. Bd3 g6 31. Rxf7 Kxf7 32. Qxg6+ Kf8 33. Rf1+ Bf6 34. gxf6 Qf7 35.
Bh6+ Ke8 36. Re1+ 1-0

[Event "Let's Play Chess!"]
[Site "http://www.queenalice.com/game.php?id=1858335"]
[Date "2025.6.4"]
[Round "-"]
[White "igor12345"]
[Black "schalturtjik"]
[Result "0-1"]
[WhiteElo "1921"]
[BlackElo "2134"]

1. e4 d6 2. d4 Nf6 3. Nc3 g6 4. Bc4 Bg7 5. h3 c6 6. a4 Nbd7 7. Nge2 e5 8. Bg5
Qb6 9. Bb3 O-O 10. Rb1 Qb4 11. O-O d5 12. dxe5 Nxe4 13. Nxe4 Qxe4 14. f4 Qe3+
15. Kh1 Nxe5 16. Be7 Re8 17. Bd6 Nc4 18. Bxc4 dxc4 19. Nc3 Bxc3 20. bxc3 Qxc3
21. Be5 Qa5 22. c3 Qd5 23. Qc1 Bxh3 24. Kg1 Qxg2# 0-1

[Event "Let's Play Chess!"]
[Site "http://www.queenalice.com/game.php?id=1859066"]
[Date "2025.6.23"]
[Round "-"]
[White "igor12345"]
[Black "schalturtjik"]
[Result "0-1"]
[WhiteElo "1970"]
[BlackElo "2153"]

1. e4 d6 2. d4 Nf6 3. Nc3 g6 4. h3 Bg7 5. Nf3 c6 6. a4 Nbd7 7. Bc4 O-O 8. O-O
Re8 9. Bg5 Qc7 10. Re1 e5 11. Qd2 Nf8 12. Bh6 Ne6 13. Bxg7 Kxg7 14. Bb3 Nf4 15.
Re3 h6 16. dxe5 dxe5 17. Ree1 Bd7 18. Ne2 Nxe4 19. Qe3 Nf6 20. Qc3 e4 21. Nxf4
Qxf4 22. Nd2 Qe5 23. Qxe5 Rxe5 24. Re2 b5 25. Rae1 Rae8 26. f3 e3 27. Nf1 Nd5
28. axb5 cxb5 29. Bxd5 Rxd5 30. Rxe3 Rxe3 31. Rxe3 Kf6 32. Kf2 a5 33. Ra3 b4 34.
Rd3 Rxd3 35. cxd3 Ke5 36. Ke3 g5 37. d4+ Kd5 38. Nd2 a4 39. Ne4 a3 40. bxa3 bxa3
41. Kd3 Bf5 42. Kc3 a2 43. Nf6+ Ke6 0-1

[Event "Let's Play Chess!"]
[Site "http://www.queenalice.com/game.php?id=1860415"]
[Date "2025.7.22"]
[Round "-"]
[White "schalturtjik"]
[Black "igor12345"]
[Result "1-0"]
[WhiteElo "2150"]
[BlackElo "2089"]

1. c4 e5 2. Nc3 Nf6 3. Nf3 Nc6 4. g3 Bc5 5. Bg2 d6 6. O-O O-O 7. d3 Bg4 8. a3 a5
9. Bg5 h6 10. Bd2 Qd7 11. Re1 a4 12. Nxa4 Bxf3 13. Bxf3 Bd4 14. e3 Ba7 15. b4
Rab8 16. b5 Ne7 17. Nc3 c6 18. a4 Ra8 19. a5 Bb8 20. Ne4 Nh7 21. Qb3 Kh8 22. d4
f5 23. Nc3 e4 24. Be2 Bc7 25. b6 Bd8 26. f3 d5 27. fxe4 fxe4 28. cxd5 cxd5 29.
Nb5 Nc6 30. Nc3 Nf6 31. Bb5 Be7 32. Ne2 Rfc8 33. Nf4 Kh7 34. a6 Bd6 35. Nxd5
bxa6 36. Nxf6+ gxf6 37. Bc4 a5 38. Be6 Qb7 39. Bxc8 Rxc8 40. Qd5 Qe7 41. Qf5+
1-0

[Event "Let's Play Chess!"]
[Site "http://www.queenalice.com/game.php?id=1861729"]
[Date "2025.8.17"]
[Round "-"]
[White "igor12345"]
[Black "schalturtjik"]
[Result "1/2-1/2"]
[WhiteElo "2084"]
[BlackElo "2166"]

1. e4 e5 2. f4 exf4 3. Nf3 d6 4. d4 g5 5. h3 Bg7 6. Bc4 Nc6 7. a3 Nh6 8. O-O g4
9. hxg4 Bxg4 10. c3 Qf6 11. Qd2 O-O-O 12. Qxf4 Qxf4 13. Bxf4 Rhf8 14. Ng5 Rde8
15. Nd2 f6 16. Nxh7 Rh8 17. Bxh6 Bxh6 18. Nxf6 Be3+ 19. Rf2 Bxf2+ 20. Kxf2 Ref8
21. Kg3 Rxf6 22. Kxg4 Rf2 23. Nf3 Rxg2+ 24. Kf4 Rxb2 25. Bd5 Kd7 26. e5 dxe5+
27. dxe5 Ne7 28. Be4 c6 29. Nd4 Rh4+ 30. Ke3 Rh3+ 31. Bf3 Nd5+ 32. Kd3 c5 33.
Kc4 cxd4 34. Bg4+ Kc6 35. Bxh3 dxc3 36. Rc1 b5+ 1/2-1/2